MARC

LEADER 00000nam0a2200000 4500
001 297158
005 20231102000959.0
035 |a (RuTPU)RU\TPU\book\322278 
090 |a 297158 
100 |a 20150605d1984 m y0rusy50 ca 
101 0 |a rus 
102 |a RU 
105 |a a j 001zy 
200 1 |a Гибкие автоматизированные комплексы станков  |e учебное пособие для вузов  |h Ч. 1  |f В. Г. Серебренный  |g Институт повышения квалификации руководящих работников и специалистов 
210 |a Москва  |c [Б. и.]  |d 1984 
215 |a 115 с.  |c ил. 
320 |a Библиогр.: с. 1113 
606 1 |a Металлообрабатывающее оборудование  |x Программное управление  |2 stltpush  |3 (RuTPU)RU\TPU\subj\42459  |9 62125 
610 1 |a гибкие автоматизированные комплексы 
610 1 |a серийное производство 
610 1 |a производственные системы 
610 1 |a структурный анализ 
610 1 |a требования 
610 1 |a межстаночный транспорт 
610 1 |a транспортно-накопительные системы 
610 1 |a учебные пособия 
675 |a 621.9.06-529(075.8)  |v 4 
700 1 |a Серебренный  |b В. Г. 
712 0 2 |a Институт повышения квалификации руководящих работников и специалистов  |c (Москва)  |2 stltpush  |3 (RuTPU)RU\TPU\col\18179  |9 26926 
801 1 |a RU  |b 63413507  |c 20150605 
801 2 |a RU  |b 63413507  |c 20181030  |g RCR 
942 |c BK